| 000 | 00647nam a2200193Ia 4500 | ||
|---|---|---|---|
| 003 | GCL | ||
| 008 | 140319s9999 xx 000 0 ara d | ||
| 020 | _a6256714977 | ||
| 040 |
_aGCL / _cGCL |
||
| 082 | 0 | 4 |
_a814.008 _bا ر |
| 100 | 1 | _aانيس منصور | |
| 245 | 1 | 0 |
_aالرصاص لايقتل العصافير / _cانيس منصور |
| 260 |
_aالقاهرة : _bنهضة مصر للطباعة والنشر والتوزيع ، _c2003 |
||
| 300 |
_a317 ص ؛ _c20 سم |
||
| 650 | 0 | 4 | _aالادب العربى |
| 650 | 0 | 4 | _aالادب العربى - مجموعات |
| 650 | 0 | 4 | _aالمقالات العربية - مصر |
| 942 |
_2ddc _cBK |
||
| 999 |
_c6124 _d6124 |
||